01083nac a22002531u 4500003000900000005001700009008004100026020001500067040004300082082002000125245010300145264004000248300005300288500010300341504005200444650004000496650005500536653001100591655002400602700005400626942001200680999001500692952012200707EG-ScBUE20221113025128.0160229s1996 enka f b 001 0 eng d a0500279217 aEG-ScBUEbengerdacEG-ScBUEdEG-ScBUE04a724.12bITA22200aItalian renaissance architecture :bfrom Brunelleschi to Michelangelo /cedited by Henry A. Millon 1aLondon :bThames and Hudson,c1996. a454 pages :billustrations (some color) ;c30 cm aAbridged ed. _ Previous ed. published as: The Renaissance from Brunelleschi to Michelangelo. 1994. aIncludes bibliographical references and index.  7aArchitectural modelszItaly.2BUEsh 7aArchitectural drawingzItalyy16th century.2BUEsh bENGARC vReading book9342321 aMillon, Henry A.d1927-q(Henry Armand),eeditor. cBB2ddc c3535d3535 00102ddc4070aMAINbMAINc2NDd2007-04-26ePurchasel2o724.12 ITAp000001038r2025-07-15 00:00:00s2016-02-29yBB